| 000 | 00705nam a2200241Ia 4500 | ||
|---|---|---|---|
| 003 | GCL | ||
| 008 | 140319s9999 xx 000 0 ara d | ||
| 040 |
_aGCL / _cGCL |
||
| 082 | 0 | 4 |
_aق _b962.04 _bم ص |
| 100 | 1 | _aمحمد عبدالبارى | |
| 245 | 1 | 0 |
_aصفحة من مساوى الاستعمار فى وادى النيل / _cمحمد عبدالبارى |
| 260 |
_a[S.N] : _bدار الكتب المصرية |
||
| 300 | _a93 ص | ||
| 490 | _a | ||
| 650 | 0 | 4 | _aالعصر الحديث |
| 650 | 0 | 4 | _aمصر |
| 650 | 0 | 4 | _aتاريخ |
| 650 | 0 | 4 | _aالسودان |
| 650 | 0 | 4 | _aالاستعمار |
| 650 | 0 | 4 | _aالتاريخ العربى |
| 650 | 0 | 4 | _aوادى النيل |
| 942 |
_2ddc _cBK |
||
| 999 |
_c36191 _d36191 |
||